La enseñanza de la ortografía en la educación básica

Saved in:
Bibliografiske detaljer
Main Authors: Baeza Bischoffshausen, Paz Margarita (Author), Beuchat Reichardt, Cecilia (Author)
Format: Bog
Sprog:spansk
Udgivet: Santiago Andrés Bello 1999
Udgivelse:3a. ed
Fag:
Tags: Tilføj Tag
Ingen Tags, Vær først til at tagge denne postø!

MARC

LEADER 00000nam a2200000 a 4500
001 UCH8312
003 CL-VaPUC
008 091127e19990000CL |||||||||||||||||spa|d
082 0 4 |a 372.63  |b BAE  |2 21 
100 0 |a Baeza Bischoffshausen, Paz Margarita  |e author  |9 544843 
700 0 |a Beuchat Reichardt, Cecilia  |e author  |9 544844 
245 1 3 |a La enseñanza de la ortografía en la educación básica 
250 |a 3a. ed 
300 |a 136 p 
942 |c BK 
945 |d 20091127 00:00:00  |a lazolas 
260 |a Santiago  |b Andrés Bello  |c 1999 
650 7 |a ESPAÑOL ORTOGRAFIA  |2 CL-VaPUC  |9 309139 
650 7 |a ESNEÑANZA  |2 CL-VaPUC  |9 309140 
583 |a last modification  |c 20091127 00:00:00  |k Rodrigo Vera 
999 |c 338539  |d 338537